| 000 | 00662cab a2200217 4500 | ||
|---|---|---|---|
| 001 | WB3014-63 | ||
| 008 | 090401t1994 xxu||||| |||| 00| 0 eng d | ||
| 035 | _a(Sirsi) u24308 | ||
| 041 | _aeng | ||
| 245 | _aImproving the local plan process | ||
| 260 | _c1994 | ||
| 350 | _a0 | ||
| 490 |
_aDoE News Release _v(234) 30 March 1994 (2) |
||
| 520 | _aThe Environment Minister has launched a consultation document with proposals for speeding up the local plan process. | ||
| 650 | _aCONSULTATION DOCUMENT | ||
| 650 | _aLOCAL DEVELOPMENT PLANS | ||
| 650 | _aPLAN-LED DEVELOPMENT | ||
| 690 | _aPLANNING LAW AND PRACTICE | ||
| 942 | _n0 | ||
| 948 | _c04/03/1997 | ||
| 999 |
_c16295 _d16295 |
||